000 01481nam a2200229Ia 4500
003 Ost
005 20260507075410.0
008 260507s9999||||xx |||||||||||||| ||und||
040 _cfsecg
041 _aara
082 _a330
100 _aالطائي، حميد
_eمؤلف
245 0 _aتسويق الخدمات :
_bمدخل استراتيجي وظيفي تطبيقي /
_c حميد الطائي
260 _aعمان:
_bداراليازوري العلمية للنشر والتوزيع,
_c2009
300 _a439 صفحة؛
_bإيضاحات ؛
_c24 سم
504 _aالمراجع ص.415
520 _aيضم مدخل الى الخدمات، الخدمة الجوهر والخدمات التكميلية الداعمة، المزيج التسويقي للخدمات، دورة حيان المنتج، تحديد مكانة الخدمة في التسويق، انظمة الخدمات، الاستراتيجيات الداعمة لانظمة الخدمة، تصميم الخدمة، ابتكار وتطوير الخدمات الجديدة، إدارة الطلب على الخدمات، جودة الخدمة المدركة ورضا المستفيد، توزيع الخدمات، ترويج الخدمات، التسويق الداخلي، المشكلات المترتبة على تسويق الخدمات
653 _aإدارة الأعمال
653 _aالتسويق- خدمات
700 _aالعلاق، بشير
_eمؤلف ثانوي
942 _cكتاب
999 _c44387
_d44387